000 00487nam a2200181Ia 4500
005 20250508161806.0
008 008 250505s9999 xx 000 0 eng d
037 _aTextual
040 _aFEDL
_beng
_cFEDL
041 _aeng
_2eng
084 _a629.134354, GLU
_qFEDL
100 _aGlushko V P
_9771558
245 0 _aRocket engines gdl-okb
245 0 _cUSSR Academy of Sciences
260 _c1975
942 _cTEXL
_h629.134354, GLU
999 _c1372227
_d1372227